[Event "Barcelona Sant Marti op 05th"]
[White "Zapata Rios, Juan Jose"]
[Black "Casas, Pedro"]
[Site "Barcelona"]
[Round "7.15"]
[Result "1-0"]
[Date "2003.06.07"]
[WhiteElo "2005"]
[BlackElo "1910"]
[PlyCount "73"]
[EventDate "2003.04.26"]
[EventType "swiss"]
[EventRounds "9"]
[EventCountry "ESP"]
[SourceTitle "EXT 2004"]
[Source "ChessBase"]
[SourceDate "2003.11.25"]
[SourceVersion "1"]
[SourceVersionDate "2003.11.25"]
[SourceQuality "1"]

1. e4 c5 2. Nf3 d6 3. d4 cxd4 4. Nxd4 Nf6 5. Nc3 a6 6. Bd3 e6 7. 0-0 Be7 8. f4 Qb6 9. Kh1 0-0 10. Be3 Nc6 11. Nxc6 Qxc6 12. e5 Nd5 13. Bxh7+ Kxh7 14. Qh5+ Kg8 15. Rf3 Nxe3 16. Rxe3 f5 17. Rh3 Qe8 18. Qh7+ Kf7 19. Rg3 Rg8 20. Re1 Kf8 21. Nd5 Qd8 22. Nxe7 Qxe7 23. exd6 Qxd6 24. Rd3 Qe7 25. Red1 Kf7 26. Qh5+ g6 27. Qh7+ Rg7 28. Qh8 Rg8 29. Qe5 b5 30. Rh3 Ke8 31. Rd6 Ra7 32. Rc6 Qd7 33. Rd6 Qe7 34. Rh8 Rf8 35. Rc6 Bd7 36. Rxf8+ Qxf8 37. Qb8+ 1-0